Tiempo libre y nuevas responsabilidades en los adultos mayores (Registro nro. 31227)
[ vista simple ]
| 000 -LEADER | |
|---|---|
| fixed length control field | 00347 a2200109 4500 |
| 001 - CONTROL NUMBER | |
| control field | ART_39609 |
| 005 - DATE AND TIME OF LATEST TRANSACTION | |
| control field | 20260410162000.0 |
| 008 - FIXED-LENGTH DATA ELEMENTS--GENERAL INFORMATION | |
| fixed length control field | 260409a |
| 100 1# - MAIN ENTRY--PERSONAL NAME | |
| Personal name | Fernández Lópiz, Enrique |
| 245 10 - TITLE STATEMENT | |
| Title | Tiempo libre y nuevas responsabilidades en los adultos mayores |
| 773 0# - HOST ITEM ENTRY | |
| Title | Propuestas |
| Related parts | - Año 2, Nº 4 (nov. 1996) |
| Record control number | REV28258 |
No hay ítems disponibles.